Statistics for formulas for mechanical systems

Click here to take the quiz!

General Stats

  • This quiz has been taken 6 times
  • The average score is 4 of 8

Answer Stats

HintAnswer% Correct
units for pressuren m
80%
work unitsn m
80%
units for mechanical advantagen m
80%
workforce x distance
60%
pressureforce over area
40%
mechanical advantageoutput work over input work
20%
area for pressureload area over effort area
0%
efficiencyoutput work over input work x 100
0%

Score Distribution

Percentile by Number Answered

Percent of People with Each Score

Your Score History

You have not taken this quiz